000 00429nam a2200193Ia 4500
005 20240823054240.0
008 240823s9999||||xx |||||||||||||| ||und||
020 _a978-93-84225-46-9
041 _aENGLISH
082 _A823..8 Q4
100 _aRobert Louis Stevenson
245 0 _aTreasure Island
250 _a1st
260 _c2014
_bOm
500 _aYES
650 _aNovel
_bEnglish
942 _cBK
999 _c226015
_d226015